Una nota sobre regresiones con variables integradas (Registro nro. 15017)

Detalles MARC
000 -LEADER
fixed length control field 00327 a2200109 4500
001 - CONTROL NUMBER
control field ART_6932
005 - DATE AND TIME OF LATEST TRANSACTION
control field 20260410161659.0
008 - FIXED-LENGTH DATA ELEMENTS--GENERAL INFORMATION
fixed length control field 260409a
100 1# - MAIN ENTRY--PERSONAL NAME
Personal name Ahumada, Hildegart
245 10 - TITLE STATEMENT
Title Una nota sobre regresiones con variables integradas
773 0# - HOST ITEM ENTRY
Title Ensayos Económicos
Related parts - Nº 45 (oct. 2006)
Record control number REV620

No hay ítems disponibles.